| 000 | 00561nam a22001817a 4500 | ||
|---|---|---|---|
| 003 | CEME | ||
| 005 | 20210628203001.0 | ||
| 008 | 210126b xxu||||| |||| 00| 0 eng d | ||
| 020 | _a0-471-25276-X | ||
| 040 | _c. | ||
| 082 | _a620.118 GUR | ||
| 100 |
_aGurdal , Zafer Haftka, Raphael .T Hajela, Prabhat _962711 |
||
| 245 | _aDesign and optimization of laminated composite materials | ||
| 260 |
_aNEW YORK _bJOHN WILEY _c1999 |
||
| 300 | _aXIV,337 P | ||
| 650 |
_aLAMINATED MATERIALS, COMPOSITE MATERIALS, STRUCTURAL OPTIMIZATIONS _962712 |
||
| 942 |
_cBK _2ddc |
||
| 999 |
_c571735 _d571735 |
||